000 00858cam a22002414a 4500
001 13430687
005 20180104084955.0
008 031210s2004 maua b 001 0 eng
010 _a 2003026981
020 _a1591393213 (pbk. : alk. paper)
040 _aDLC
_cDLC
_dDLC
041 _aeng
042 _apcc
080 _a658.404
082 0 0 _a658.404 HAR
_222
100 1 _a53
101 _aMNG
245 1 0 _aManaging projects large and small :
504 _aIncludes bibliographical references and index.
906 _a7
_bcbc
_corignew
_d1
_eecip
_f20
_gy-gencatlg
942 _2ddc
_cBK
999 _c39766
_d39766